Statistiques concernant Culture Générale - Série 1624

Cliquez ici pour prendre le quiz!

Statistiques générales

  • Ce quiz a été pris 143 fois
  • Le résultat moyen est 6 sur 10

Statistiques - réponses

QuestionRéponse% Correct
Combien font 20 % de 70 ?14
88%
Quelle est la capitale du Kenya ?Nairobi
84%
Dans quel pays sud-américain Juan Domingo Perón accède-t-il à la présidence de la République en 1946 ?Argentine
80%
Quelle agglomération asiatique est la plus peuplée au monde ?Tokyo
70%
Combien de côtes composent le squelette du thorax d'un être humain ?24
64%
En 1998, quel ancien leader de "La Mano Negra" entama une carrière solo avec l'album : "Clandestino" ?Manu Chao
63%
Quel groupe de rock irlandais a sorti l'album : "The Unforgettable Fire", en 1984 ?U2
61%
Au tarot, quelle carte dispense de jouer la couleur ou l'atout demandés ?excuse
51%
Dans un sketch évoquant "les aventures de Couillu le caribou dans le Grand Nord", quel humoriste français parodie Céline Dion ?Laurent Gerra
44%
A quel chanteur britannique doit-on les tubes : "Against All Odds" et "Sussudio" dans les années 1980 ?Phil Collins
26%

Distribution des résultats

Percentile par nombre de réponses

% des personnes avec chaque résultat

Votre développement - résultats

Vous n’avez pas pris ce quiz